Pablo Reviriego : (Record no. 190706)

MARC details
000 -LEADER
campo de control de longitud fija 00859nam a2200229 i 4500
001 - NÚMERO DE CONTROL
campo de control 190706
003 - IDENTIFICADOR DE NÚMERO DE CONTROL
campo de control ES-MaACL
005 - FECHA Y HORA DE LA ÚLTIMA TRANSACCIÓN
campo de control 20251014063308.0
008 - DATOS DE LONGITUD FIJA--INFORMACIÓN GENERAL
campo de control de longitud fija 220511s2016 sp a 000 0dspa
080 ## - NÚMERO DE LA CLASIFICACIÓN DECIMAL UNIVERSAL
Número de la Clasificación Decimal Universal 75 Reviriego, Pablo (083.824)
100 1# - ENTRADA PRINCIPAL--NOMBRE DE PERSONA
Nombre de persona Reviriego, Pablo,
Fechas asociadas al nombre 1948-
9 (RLIN) 171367
245 10 - MENCIÓN DEL TÍTULO
Título Pablo Reviriego :
Resto del título 40 años en el arte.
260 ## - PUBLICACIÓN, DISTRIBUCIÓN, ETC.
Lugar de publicación, distribución, etc. [Alcorcón, Madrid :
Nombre del editor, distribuidor, etc. s.n.,
Fecha de publicación, distribución, etc. 2016] (
Fabricante Imart Artes Gráf.)
300 ## - DESCRIPCIÓN FÍSICA
Extensión 38 p. :
Otras características físicas principalmente il. col. ;
Dimensiones 30 cm.
504 ## - NOTA DE BIBLIOGRAFÍA, ETC.
Nota de bibliografía, etc. Bibliografía: p. 38.
585 ## - NOTA DE EXPOSICIONES
Nota de exposiciones Catálogo de la exposición "40 años en el arte" de Pablo Reviriego, celebrada en el Palacio de los Guzmanes (Ávila)
600 14 - PUNTO DE ACCESO ADICIONAL DE MATERIA--NOMBRE DE PERSONA
Nombre de persona Reviriego, Pablo,
Fechas asociadas al nombre 1948-
Subdivisión de forma Exposiciones
9 (RLIN) 174456
655 #7 - TERMINO DE INDIZACIÓN--GENERO/FORMA
Fuente del término tgfbne
9 (RLIN) 193628
Datos o término principal de género/forma Catálogos de exposiciones
852 4# - LOCALIZACIÓN
Ubicación ES-MaACL
Número de control de estantería 2343-F-25
942 ## - ELEMENTOS DE ENTRADA SECUNDARIOS (KOHA)
Fuente del sistema de clasificación o colocación Clasificación decimal universal
Holdings
Estatus retirado Estado de pérdida Estado de daño No para préstamo Colección Biblioteca de origen Biblioteca actual Ubicación en estantería Fecha de adquisición Fuente de adquisición Total de préstamos Signatura topográfica completa Código de barras Visto por última vez Precio de reemplazo Tipo de ítem Koha
        Colección de folletos Biblioteca del Ateneo de Madrid Biblioteca del Ateneo de Madrid Depósito folletos 11/05/2022     2343-F-25 1202940 23/02/2023 23/02/2023 Folleto